[Event "XIII Torneo Leonardo di Bona Nazionale"]
[Site "Cutro ITA"]
[Date "2007.04.28"]
[Round "6"]
[White "Camposano, Antonio"]
[Black "Gualtieri, Domenico"]
[Result "1-0"]
[WhiteElo "1350"]
[BlackElo "1440"]
[PlyCount "127"]
[EventDate "2007.04.23"]

1. d4 Nf6 2. Bg5 d5 3. Bxf6 exf6 4. g3 c6 5. Bg2 g6 6. Nf3 Bh6 7. O-O O-O 8.
Nbd2 Bg4 9. Ne1 Re8 10. Bf3 Bxf3 11. Ndxf3 Nd7 12. e3 f5 13. Nd3 Qe7 14. Nfe5
Nxe5 15. Nxe5 f6 16. Nd3 a6 17. f4 g5 18. Re1 gxf4 19. exf4 Qf8 20. Qh5 b5 21.
Rxe8 Rxe8 22. Qxf5 a5 23. Qd7 Qe7 24. Qxc6 Qe3+ 25. Kg2 Qe4+ 26. Kh3 Qf5+ 27.
g4 Re3+ 28. Kh4 Bg5+ 29. Kh5 Qe6 30. Qxe6+ Rxe6 31. Re1 Rxe1 32. Nxe1 Bxf4 33.
h4 Kg7 34. g5 h6 35. gxh6+ Bxh6 36. c3 b4 37. cxb4 axb4 38. Nc2 Bd2 39. Kg4 Kf7
40. Kf5 Ke7 41. Kg6 Ke6 42. h5 f5 43. h6 Bxh6 44. Kxh6 f4 45. Kg5 f3 46. Ne3 f2
47. Kf4 Kf6 48. Kf3 Ke6 49. Kxf2 Kd6 50. Nc2 Kc6 51. Nxb4+ Kb5 52. Nxd5 Kc4 53.
a4 Kxd5 54. Ke3 Kc4 55. Ke4 Kb4 56. d5 Kxa4 57. d6 Kb5 58. d7 Kb4 59. d8=Q Kb3
60. Qc8 Kxb2 61. Kd3 Ka3 62. Qb8 Ka4 63. Kc4 Ka5 64. Qb5# 1-0

[Event "XIII Torneo Leonardo di Bona Nazionale"]
[Site "Cutro ITA"]
[Date "2007.04.28"]
[Round "6"]
[White "Frontera, Giuseppe"]
[Black "Piccoli, Vincenzo"]
[Result "0-1"]
[WhiteElo "1877"]
[BlackElo "1745"]
[PlyCount "62"]
[EventDate "2007.04.23"]

1. e4 c5 2. Nf3 d6 3. d4 cxd4 4. Nxd4 Nf6 5. Nc3 a6 6. Be3 e6 7. f3 b5 8. Qd2
Nbd7 9. g4 Nb6 10. g5 Nfd7 11. Bd3 Bb7 12. O-O-O Rc8 13. Kb1 Qc7 14. Qf2 Be7
15. h4 Nc5 16. Rc1 Nca4 17. Nxa4 Nxa4 18. h5 d5 19. g6 Nxb2 20. gxf7+ Kxf7 21.
Rcg1 Nxd3 22. cxd3 Qc3 23. Qe2 Bf6 24. Nb3 Qb4 25. Bd2 Qd6 26. Re1 dxe4 27.
fxe4 Rhf8 28. Rhf1 e5 29. d4 Rc7 30. dxe5 Qxe5 31. Bf4 Bxe4+ 0-1

[Event "XIII Torneo Leonardo di Bona Nazionale"]
[Site "Cutro ITA"]
[Date "2007.04.28"]
[Round "6"]
[White "Guzzo, Giovanni"]
[Black "Rotunno, Giuseppe"]
[Result "0-1"]
[WhiteElo "1792"]
[BlackElo "1922"]
[PlyCount "74"]
[EventDate "2007.04.23"]

1. Nf3 c5 2. g3 g6 3. Bg2 Bg7 4. c3 d5 5. b3 d4 6. cxd4 cxd4 7. Bb2 e5 8. O-O
Ne7 9. Na3 O-O 10. e3 Nbc6 11. exd4 exd4 12. d3 Nd5 13. Qd2 Bf5 14. Nc2 Nc7 15.
a4 Qd7 16. Rfe1 a5 17. Rac1 Rac8 18. Ba3 Rfe8 19. Rxe8+ Rxe8 20. Re1 Rxe1+ 21.
Ncxe1 Nd5 22. Nc2 Nc3 23. Bb2 Be6 24. Na1 Nb4 25. Ne1 Bd5 26. Bxd5 Qxd5 27.
Nec2 Nc6 28. Ne1 Ne5 29. h3 h5 30. Kh2 h4 31. Qf4 hxg3+ 32. fxg3 Kh7 33. Qh4+
Kg8 34. Bc1 Ne2 35. Bh6 Nf3+ 36. Nxf3 Qxf3 37. Bxg7 Qf2+ 0-1

[Event "XIII Torneo Leonardo di Bona Nazionale"]
[Site "Cutro ITA"]
[Date "2007.04.28"]
[Round "6"]
[White "Levato, Biagio"]
[Black "Olivo, Gaetano"]
[Result "0-1"]
[WhiteElo "1495"]
[BlackElo "1571"]
[PlyCount "102"]
[EventDate "2007.04.23"]

1. Nf3 d5 2. g3 c5 3. d3 Nc6 4. Bg2 h6 5. O-O Nf6 6. Nbd2 e6 7. c3 Be7 8. e4
Qc7 9. Re1 dxe4 10. dxe4 b5 11. e5 Nd7 12. Qe2 a6 13. Nf1 Bb7 14. h4 Rb8 15.
Bf4 c4 16. N1d2 Nc5 17. Nd4 Nxd4 18. cxd4 Nd3 19. Reb1 Bxg2 20. Kxg2 Nxf4+ 21.
gxf4 Bxh4 22. Qg4 g5 23. Ne4 Ke7 24. Nf6 Qc6+ 25. f3 b4 26. Rd1 Rhd8 27. fxg5
Bxg5 28. Ne4 Rg8 29. Kh3 f5 30. exf6+ Kf7 31. Rg1 Qd5 32. Rae1 Rg6 33. f4 Rbg8
34. Nxg5+ hxg5 35. Qh5 Qxd4 36. fxg5 Qd3+ 37. Rg3 Qf5+ 38. Kg2 Kf8 39. Qd1 Qd5+
40. Kg1 Rxg5 41. Qxd5 exd5 42. Rxg5 Rxg5+ 43. Kh2 Kf7 44. Re7+ Kxf6 45. Ra7 Ke5
46. Rxa6 Kd4 47. Rb6 Kc5 48. Rb8 Re5 49. Kg3 Re2 50. a4 Rxb2 51. a5 Ra2 0-1

[Event "XIII Torneo Leonardo di Bona Nazionale"]
[Site "Cutro ITA"]
[Date "2007.04.28"]
[Round "6"]
[White "Macri', Pasquale"]
[Black "D'Elia, Mario Domenico"]
[Result "1-0"]
[WhiteElo "1437"]
[BlackElo "1440"]
[PlyCount "73"]
[EventDate "2007.04.23"]

1. e4 g6 2. d4 Bg7 3. Nf3 d6 4. Bc4 e6 5. Nc3 a6 6. Qe2 Ne7 7. d5 e5 8. Bg5 O-O
9. Qe3 f6 10. Bh6 f5 11. Bxg7 f4 12. Qd3 Kxg7 13. h4 Bg4 14. Ng5 Nd7 15. f3 Bh5
16. Ne6+ Kh8 17. Nxd8 Nc5 18. Qd2 Raxd8 19. b4 Nd7 20. O-O-O b5 21. Be2 Nb6 22.
Rhg1 c6 23. g4 fxg3 24. Rxg3 Rf4 25. dxc6 Nxc6 26. Nd5 Nxd5 27. exd5 Nd4 28.
Qe3 Nf5 29. Qb6 Rf8 30. Rg5 Nxh4 31. Qxd6 Bxf3 32. Bxf3 Nxf3 33. Rf1 R4f6 34.
Qe7 R6f7 35. Rxe5 Rxe7 36. Rxe7 g5 37. d6 1-0

[Event "XIII Torneo Leonardo di Bona Nazionale"]
[Site "Cutro ITA"]
[Date "2007.04.28"]
[Round "6"]
[White "Paletta, Giuseppe"]
[Black "Di Mauro, Sebastiano"]
[Result "0-1"]
[WhiteElo "1679"]
[BlackElo "1814"]
[PlyCount "60"]
[EventDate "2007.04.23"]

1. d4 Nf6 2. c4 c5 3. d5 e6 4. Nc3 exd5 5. cxd5 d6 6. e4 g6 7. Bg5 Bg7 8. Qd2
O-O 9. Bh6 Re8 10. Bxg7 Nxe4 11. Nxe4 Rxe4+ 12. Be2 Kxg7 13. O-O-O Qf6 14. f3
Ra4 15. Kb1 Bf5+ 16. Ka1 h5 17. g4 hxg4 18. h4 Na6 19. Bxa6 bxa6 20. h5 Rb8 21.
hxg6 Qxg6 22. fxg4 Rxg4 23. Nf3 Rbb4 24. Qc3+ Qf6 25. Qxf6+ Kxf6 26. Rh6+ Bg6
27. a3 Rbf4 28. Nh2 Rg2 29. Rd3 Rxh2 30. Rh7 Rxh7 0-1

[Event "XIII Torneo Leonardo di Bona Nazionale"]
[Site "Cutro ITA"]
[Date "2007.04.28"]
[Round "6"]
[White "Rizzuti, Pasquale"]
[Black "Zavaglia, Giuseppe"]
[Result "1/2-1/2"]
[WhiteElo "1835"]
[BlackElo "1901"]
[PlyCount "57"]
[EventDate "2007.04.23"]

1. e4 c5 2. Nf3 d6 3. d4 cxd4 4. Nxd4 Nf6 5. Nc3 a6 6. Be2 e6 7. Be3 Nbd7 8. f4
Qc7 9. g4 Nc5 10. Bf3 Rb8 11. g5 Nfd7 12. b4 Nb3 13. Ncb5 axb5 14. Nxb3 Nb6 15.
Bxb6 Qxb6 16. Qd4 Qxd4 17. Nxd4 Bd7 18. c3 Be7 19. h4 O-O 20. O-O Rfc8 21. Rfc1
Ra8 22. a3 Kf8 23. Be2 Bc6 24. Bd3 Rd8 25. Rd1 Rac8 26. Rac1 Ra8 27. Ra1 Rac8
28. Rac1 Ra8 29. Ra1 1/2-1/2

[Event "XIII Torneo Leonardo di Bona Nazionale"]
[Site "Cutro ITA"]
[Date "2007.04.28"]
[Round "6"]
[White "Scerra, Ezio"]
[Black "Scalise, Sandro"]
[Result "0-1"]
[WhiteElo "1398"]
[BlackElo "1598"]
[PlyCount "62"]
[EventDate "2007.04.23"]

1. c4 g6 2. Nf3 Bg7 3. b3 Bxa1 4. Nc3 Nf6 5. Ba3 d6 6. Qxa1 Bf5 7. g3 e5 8. d3
Nbd7 9. Bg2 Qe7 10. Nd5 Nxd5 11. cxd5 O-O 12. Bc1 Rfe8 13. Ng5 h6 14. Ne4 Qf8
15. Qc3 Rac8 16. Be3 a6 17. Qd2 Kh7 18. h3 Bxe4 19. dxe4 c6 20. h4 cxd5 21. Bh3
Rc7 22. Bxd7 Rxd7 23. exd5 Qg7 24. Qc1 f5 25. f3 e4 26. O-O Rc7 27. Qd1 Qc3 28.
Bb6 exf3 29. Bxc7 fxe2 30. Qe1 exf1=Q+ 31. Qxf1 Qxg3+ 0-1

[Event "XIII Torneo Leonardo di Bona Nazionale"]
[Site "Cutro ITA"]
[Date "2007.04.28"]
[Round "6"]
[White "Virelli, Salvatore"]
[Black "Paragliola, Gennaro"]
[Result "1/2-1/2"]
[WhiteElo "1524"]
[BlackElo "1451"]
[PlyCount "54"]
[EventDate "2007.04.23"]

1. d4 Nf6 2. Nf3 e6 3. e3 b6 4. Bd3 Bb7 5. O-O Nc6 6. a3 Be7 7. b3 O-O 8. c4 d5
9. Nbd2 h6 10. Re1 Nh7 11. Qc2 f5 12. b4 a6 13. c5 bxc5 14. bxc5 Ng5 15. Nxg5
Bxg5 16. Nf3 Bf6 17. Rb1 Rb8 18. a4 Ba8 19. Bd2 Ne7 20. Bxa6 Bc6 21. Bb5 Bxb5
22. axb5 Rb7 23. c6 Ra7 24. Ra1 Qa8 25. Qb2 Rb8 26. Rxa7 Qxa7 27. Ra1 Qb6
1/2-1/2

[Event "XIII Torneo Leonardo di Bona Nazionale"]
[Site "Cutro ITA"]
[Date "2007.04.29"]
[Round "7"]
[White "Calomeni, Francesca"]
[Black "Levato, Biagio"]
[Result "0-1"]
[WhiteElo "1356"]
[BlackElo "1495"]
[PlyCount "76"]
[EventDate "2007.04.23"]

1. e4 c5 2. c3 Nc6 3. Nf3 e6 4. d4 Qc7 5. Bc4 Nge7 6. d5 Ne5 7. d6 Nxf3+ 8.
Qxf3 Qxd6 9. O-O Ng6 10. Qd3 Qb6 11. Qg3 Be7 12. Be3 O-O 13. Nd2 a6 14. b3 Qc6
15. Be2 d5 16. Bf3 Bd6 17. Qg5 Qc7 18. g3 Be7 19. Qh5 Rd8 20. Rfd1 d4 21. Bg5
Bxg5 22. Qxg5 f6 23. Qh5 e5 24. Nc4 b5 25. Nb2 Bb7 26. Rd2 Rd7 27. Rad1 Rad8
28. Nd3 dxc3 29. Rc2 Rxd3 30. Rxd3 Rxd3 31. Qf5 Qd6 32. Kg2 b4 33. Bh5 Ne7 34.
Bf7+ Kxf7 35. Qh5+ Ng6 36. Qxh7 Bxe4+ 37. f3 Bxf3+ 38. Kf2 Qd4+ 0-1

[Event "XIII Torneo Leonardo di Bona Nazionale"]
[Site "Cutro ITA"]
[Date "2007.04.29"]
[Round "7"]
[White "D'Elia, Mario Domenico"]
[Black "Camposano, Antonio"]
[Result "1-0"]
[WhiteElo "1440"]
[BlackElo "1350"]
[PlyCount "120"]
[EventDate "2007.04.23"]

1. c4 Nf6 2. d4 d5 3. Nc3 Ne4 4. Nxd5 e6 5. Nc3 Bb4 6. Qd3 Nxc3 7. bxc3 Be7 8.
Nf3 O-O 9. Bf4 b6 10. e4 c6 11. Be2 Ba6 12. O-O b5 13. c5 b4 14. c4 h6 15. Qd2
g5 16. Be3 Nd7 17. Qxb4 Rb8 18. Qa4 Qc8 19. Ne5 Nxe5 20. dxe5 Qb7 21. Qb3 f6
22. Qxb7 Bxb7 23. exf6 Bxf6 24. Rab1 Ba8 25. Rfd1 Rxb1 26. Rxb1 Be5 27. g3 Rb8
28. Rd1 Bf6 29. f4 Rd8 30. e5 Rxd1+ 31. Bxd1 Be7 32. Kg2 Kg7 33. Bc2 Bb7 34.
Kf3 Bc8 35. Ke4 Kg6 36. Kd4+ Kh5 37. h3 Bd7 38. Bf2 gxf4 39. g4+ Kg5 40. Ke4
Be8 41. Kf3 h5 42. h4+ Kh6 43. g5+ Bxg5 44. hxg5+ Kxg5 45. Bg1 h4 46. Bh2 Bh5+
47. Kf2 h3 48. Be4 Be8 49. Bd3 Bh5 50. Bh7 Bg4 51. Be4 Bd1 52. Bxc6 Kf5 53. Bd7
Kxe5 54. c6 Ba4 55. Ke2 Ke4 56. Be8 e5 57. c7 f3+ 58. Kf2 Bxe8 59. c8=Q Bh5 60.
Qxh3 Bg4 1-0

[Event "XIII Torneo Leonardo di Bona Nazionale"]
[Site "Cutro ITA"]
[Date "2007.04.29"]
[Round "7"]
[White "De Rasis, Giovanni"]
[Black "Di Mauro, Sebastiano"]
[Result "1-0"]
[WhiteElo "1560"]
[BlackElo "1814"]
[PlyCount "121"]
[EventDate "2007.04.23"]

1. d4 Nf6 2. c4 c5 3. d5 e6 4. Nc3 exd5 5. cxd5 d6 6. e4 g6 7. Be2 Bg7 8. f4
O-O 9. Nf3 Re8 10. e5 dxe5 11. fxe5 Ng4 12. Bg5 Qa5 13. O-O Nxe5 14. Nxe5 Bxe5
15. Bc4 Bxc3 16. bxc3 Qxc3 17. Rxf7 Kxf7 18. Qf1+ Bf5 19. d6+ Kg7 20. Rd1 Nd7
21. g4 Be6 22. Bb5 Rf8 23. Qe2 Qe5 24. Be3 a6 25. Bxd7 Bxd7 26. Bh6+ Kf6 27.
Bg7+ Kxg7 28. Qxe5+ Kg8 29. Rf1 Rxf1+ 30. Kxf1 Rf8+ 31. Kg1 Rf7 32. h3 Bc6 33.
Qxc5 Kg7 34. a4 h6 35. Qd4+ Kh7 36. h4 Rd7 37. g5 Rg7 38. Qf4 h5 39. a5 Rd7 40.
Qf8 Be4 41. Kf2 Bf5 42. Ke3 Rg7 43. Kd4 Rd7 44. Ke5 Rg7 45. Kf6 Rd7 46. Qe7+
Kg8 47. Qe8+ Kh7 48. Qxd7+ Bxd7 49. Ke7 Bc6 50. d7 Bxd7 51. Kxd7 Kg7 52. Kc7
Kf7 53. Kxb7 Ke6 54. Kxa6 Kf5 55. Kb6 Kg4 56. a6 Kxh4 57. a7 Kxg5 58. a8=Q Kf5
59. Qf3+ Kg5 60. Qg3+ Kf5 61. Qh4 1-0

[Event "XIII Torneo Leonardo di Bona Nazionale"]
[Site "Cutro ITA"]
[Date "2007.04.29"]
[Round "7"]
[White "Olivo, Gaetano"]
[Black "Rizzuti, Pasquale"]
[Result "1/2-1/2"]
[WhiteElo "1571"]
[BlackElo "1835"]
[PlyCount "60"]
[EventDate "2007.04.23"]

1. e4 g6 2. Nf3 Bg7 3. d4 d6 4. h3 Nf6 5. Bd3 Nc6 6. a3 e5 7. d5 Ne7 8. c4 c5
9. Nc3 O-O 10. b4 b6 11. Bg5 Ne8 12. Qd2 f5 13. Bh6 f4 14. Bxg7 Kxg7 15. h4 h6
16. Be2 Nf6 17. Nh2 a5 18. b5 Ra7 19. g3 fxg3 20. fxg3 Neg8 21. O-O-O Raf7 22.
g4 Nh7 23. g5 hxg5 24. h5 gxh5 25. Bxh5 Rf2 26. Be2 R8f4 27. Rdf1 Bh3 28. Rxf2
Rxf2 29. Qe3 Bg2 30. Rg1 Qf8 1/2-1/2

[Event "XIII Torneo Leonardo di Bona Nazionale"]
[Site "Cutro ITA"]
[Date "2007.04.29"]
[Round "7"]
[White "Paragliola, Gennaro"]
[Black "Sansosti, Simona"]
[Result "1-0"]
[WhiteElo "1451"]
[BlackElo "1362"]
[PlyCount "65"]
[EventDate "2007.04.23"]

1. d4 d5 2. c4 c6 3. cxd5 cxd5 4. Nc3 Nf6 5. Bg5 e6 6. e3 Be7 7. Nf3 O-O 8. Bd3
Nbd7 9. O-O Re8 10. Rc1 Nf8 11. Nb5 Bd6 12. Bf4 Bb8 13. Bc7 Qd7 14. Bxb8 Rxb8
15. Ne5 Qe7 16. a3 Bd7 17. Nxa7 Qd6 18. Nxd7 N6xd7 19. Nb5 Qb6 20. Rc7 Nf6 21.
Qc2 Rbc8 22. Rxc8 Rxc8 23. Qxc8 Qc6 24. Qxc6 bxc6 25. Na7 N8d7 26. Nxc6 Nb6 27.
b3 Kf8 28. Rc1 Nfd7 29. a4 f6 30. Bxh7 e5 31. dxe5 fxe5 32. Bf5 Kf7 33. a5 1-0

[Event "XIII Torneo Leonardo di Bona Nazionale"]
[Site "Cutro ITA"]
[Date "2007.04.29"]
[Round "7"]
[White "Piccoli, Vincenzo"]
[Black "Rotunno, Giuseppe"]
[Result "0-1"]
[WhiteElo "1745"]
[BlackElo "1922"]
[PlyCount "102"]
[EventDate "2007.04.23"]

1. d4 d5 2. Nc3 Bf5 3. f3 Bg6 4. Bf4 e6 5. e3 Bd6 6. Bxd6 Qxd6 7. Bd3 Nc6 8.
Nge2 Nb4 9. Nf4 Nxd3+ 10. Nxd3 Nf6 11. Qd2 Bxd3 12. Qxd3 a6 13. O-O-O b5 14. e4
b4 15. Nxd5 Nxd5 16. exd5 Qxd5 17. Kb1 O-O 18. Rhe1 Rfd8 19. Re5 Qxe5 20. dxe5
Rxd3 21. Rxd3 Kf8 22. Rd7 Rc8 23. Rd4 a5 24. Kc1 Ke7 25. Rh4 h6 26. Rg4 Kf8 27.
Rc4 c5 28. Kd2 Rd8+ 29. Ke3 Rd5 30. f4 Ke7 31. c3 Kd7 32. cxb4 axb4 33. Rc2 Kc6
34. Ke4 Rd4+ 35. Ke3 Kd5 36. Rd2 Rxd2 37. Kxd2 Kd4 38. g4 Ke4 39. a4 bxa3 40.
bxa3 Kxf4 41. Kc3 Kxe5 42. a4 Kd5 43. a5 Kc6 44. a6 Kb6 45. Kc4 f5 46. gxf5
exf5 47. a7 Kxa7 48. Kxc5 f4 49. Kd4 g5 50. Ke4 Kb6 51. h4 Kc6 0-1

[Event "XIII Torneo Leonardo di Bona Nazionale"]
[Site "Cutro ITA"]
[Date "2007.04.29"]
[Round "7"]
[White "Scalise, Sandro"]
[Black "Guzzo, Giovanni"]
[Result "0-1"]
[WhiteElo "1598"]
[BlackElo "1792"]
[PlyCount "98"]
[EventDate "2007.04.23"]

1. d4 e6 2. Nf3 d5 3. Bg5 f6 4. Bf4 c5 5. e3 Nc6 6. Bb5 a6 7. Bxc6+ bxc6 8. O-O
Bd6 9. dxc5 Bxc5 10. c4 Ne7 11. Qc2 Ba7 12. Rd1 O-O 13. Nc3 e5 14. Bg3 Bg4 15.
cxd5 cxd5 16. Rac1 Rc8 17. Qb3 Kh8 18. Qb7 Rc7 19. Qxa6 Rd7 20. h3 Bh5 21. Nxd5
Nxd5 22. Rxd5 Rxd5 23. Qxa7 Rd1+ 24. Rxd1 Qxd1+ 25. Kh2 Bxf3 26. gxf3 Qxf3 27.
Qc7 Ra8 28. a4 h6 29. a5 Qd5 30. a6 Qb5 31. a7 Qxb2 32. h4 Kh7 33. h5 Qa2 34.
Qd7 Qxa7 35. Qf5+ Kh8 36. e4 Qd4 37. Bh4 Qd6 38. Bg3 Re8 39. Kg2 Qe6 40. Qg6 f5
41. exf5 Qxg6 42. fxg6 e4 43. Kh3 Re6 44. Kg4 Rf6 45. Bh4 Rf3 46. Bg3 Kg8 47.
Bf4 Rxf2 48. Be3 Rf3 49. Bf4 Rb3 0-1

[Event "XIII Torneo Leonardo di Bona Nazionale"]
[Site "Cutro ITA"]
[Date "2007.04.29"]
[Round "7"]
[White "Zavaglia, Giuseppe"]
[Black "Frontera, Giuseppe"]
[Result "0-1"]
[WhiteElo "1901"]
[BlackElo "1877"]
[PlyCount "116"]
[EventDate "2007.04.23"]

1. e4 c5 2. Nf3 d6 3. d4 cxd4 4. Nxd4 Nf6 5. Nc3 e6 6. Bg5 Be7 7. Bb5+ Nbd7 8.
Qe2 O-O 9. O-O-O a6 10. Bc4 Ne5 11. Bb3 Qc7 12. f4 Nc6 13. h3 Na5 14. e5 Nxb3+
15. Nxb3 dxe5 16. fxe5 Nd5 17. Bd2 Nxc3 18. Bxc3 b6 19. Rd3 Bb7 20. Rhd1 Rfd8
21. a3 Rxd3 22. Rxd3 Rd8 23. Rxd8+ Qxd8 24. g3 h6 25. h4 Qd5 26. Qf2 Qh1+ 27.
Qe1 Qxe1+ 28. Bxe1 Bd5 29. Bf2 Bxb3 30. cxb3 Bd8 31. Be3 Kf8 32. Kd2 Ke7 33.
Kd3 Kd7 34. Kc4 Bc7 35. Bf4 Kc6 36. a4 b5+ 37. axb5+ axb5+ 38. Kd4 Bb6+ 39. Ke4
Bf2 40. h5 Kc5 41. g4 Kb4 42. g5 hxg5 43. Bxg5 Bc5 44. Kd3 Kxb3 45. Bc1 Be7 46.
Bd2 Kxb2 47. Bc3+ Kb3 48. Ba5 b4 49. Bc7 Bg5 50. Bd6 Bh6 51. Be7 Bf4 52. Ke4
Bh6 53. Kd3 Ka4 54. Kc2 Kb5 55. Kd3 b3 56. Bf8 Kc6 57. Ba3 Kd5 58. Bb2 Bf4 0-1

[Event "XIII Torneo Leonardo di Bona Nazionale"]
[Site "Cutro ITA"]
[Date "2007.04.30"]
[Round "8"]
[White "D'Elia, Mario Domenico"]
[Black "Scalise, Sandro"]
[Result "0-1"]
[WhiteElo "1440"]
[BlackElo "1598"]
[PlyCount "225"]
[EventDate "2007.04.23"]

1. c4 g6 2. d4 Nf6 3. Nf3 c5 4. Nc3 d6 5. Bg5 Bg7 6. e3 O-O 7. Be2 Nbd7 8. O-O
a6 9. h3 b6 10. Qd2 Bb7 11. d5 h6 12. Bh4 Qe8 13. Bg3 Kh7 14. e4 Nh5 15. Bh2
Ne5 16. Nh4 Nf6 17. f4 Ned7 18. f5 g5 19. Nf3 Rd8 20. Ne1 Ne5 21. b3 e6 22.
fxe6 fxe6 23. Rb1 Bc8 24. Qd1 Kh8 25. Nd3 Nxd3 26. Qxd3 e5 27. Qd1 Rd7 28. Qd3
Rdf7 29. Rf2 g4 30. h4 Nh5 31. Rxf7 Qxf7 32. Rf1 Qe7 33. Rxf8+ Qxf8 34. g3 Qf7
35. Qd1 Nf6 36. Qf1 h5 37. Bd3 Bh6 38. Nd1 Qf8 39. Kh1 Qf7 40. Bg1 Qg7 41. Ne3
Bxe3 42. Bxe3 Nh7 43. Bd2 a5 44. a3 Qd7 45. b4 axb4 46. axb4 Qe8 47. bxc5 bxc5
48. Be2 Bd7 49. Qe1 Qg6 50. Bd3 Be8 51. Ba5 Qf7 52. Be2 Nf6 53. Bd3 Nxd5 54.
Qf1 Qxf1+ 55. Bxf1 Nf6 56. Bd3 Bc6 57. Be2 Bxe4+ 58. Kg1 Kg7 59. Bc7 Ne8 60.
Bd8 Kf7 61. Kf2 Ke6 62. Ke3 Bf5 63. Bd1 Kd7 64. Bg5 Ng7 65. Ba4+ Ke6 66. Bh6
Kf7 67. Bc6 Be6 68. Kd3 Nf5 69. Bd2 Nxg3 70. Be1 Nf5 71. Ke4 Kf6 72. Kd3 Nd4
73. Be8 Bf5+ 74. Kc3 g3 75. Bxh5 g2 76. Bf2 Bg6 77. Bg4 e4 78. h5 Bh7 79. Bh3
g1=Q 80. Bxg1 Ne2+ 81. Kd2 Nxg1 82. Bg4 Nf3+ 83. Ke3 Ne5 84. Be2 Kg5 85. Kd2
Nf3+ 86. Ke3 Kxh5 87. Kf4 Kh4 88. Ke3 Ne5 89. Bf1 Ng4+ 90. Kf4 Ne5 91. Ke3 Kg5
92. Be2 Ng4+ 93. Kd2 e3+ 94. Ke1 Kf4 95. Bf1 Nf2 96. Bg2 Bd3 97. Bd5 Ne4 98.
Bg8 Nd2 99. Kd1 Nxc4 100. Bd5 e2+ 101. Ke1 Ne3 102. Kd2 Nc2 103. Bb3 e1=Q+ 104.
Kxd3 Qe3+ 105. Kxc2 Qxb3+ 106. Kxb3 d5 107. Kc3 Ke4 108. Kd2 c4 109. Kc2 d4
110. Kd2 c3+ 111. Kc2 Kd5 112. Kd3 Kc5 113. Kc2 0-1

[Event "XIII Torneo Leonardo di Bona Nazionale"]
[Site "Cutro ITA"]
[Date "2007.04.30"]
[Round "8"]
[White "Di Mauro, Sebastiano"]
[Black "Piccoli, Vincenzo"]
[Result "1/2-1/2"]
[WhiteElo "1814"]
[BlackElo "1745"]
[PlyCount "52"]
[EventDate "2007.04.23"]

1. e4 c5 2. Nf3 d6 3. d4 cxd4 4. Nxd4 Nf6 5. Nc3 a6 6. Bg5 e6 7. f4 Qc7 8. Qf3
Nc6 9. O-O-O Bd7 10. Bxf6 gxf6 11. f5 Nxd4 12. Rxd4 Bg7 13. g4 Qb6 14. Rd1
O-O-O 15. Bc4 Rhe8 16. Rhe1 Bc6 17. Qh3 h6 18. Qh5 Re7 19. fxe6 fxe6 20. Bxe6+
Rxe6 21. Qf7 Rde8 22. Qxg7 Bxe4 23. Qxh6 Bf3 24. Rxe6 Rxe6 25. Rf1 Bg2 26. Rd1
Bf3 1/2-1/2

[Event "XIII Torneo Leonardo di Bona Nazionale"]
[Site "Cutro ITA"]
[Date "2007.04.30"]
[Round "8"]
[White "Frontera, Giuseppe"]
[Black "Guzzo, Giovanni"]
[Result "1/2-1/2"]
[WhiteElo "1877"]
[BlackElo "1792"]
[PlyCount "38"]
[EventDate "2007.04.23"]

1. e4 e6 2. d4 d5 3. Nd2 c5 4. Ngf3 Nc6 5. Bb5 a6 6. Bxc6+ bxc6 7. O-O cxd4 8.
Nxd4 Bb7 9. c3 dxe4 10. Qe2 c5 11. Nc2 Nf6 12. Re1 Bd6 13. Nf1 h6 14. Be3 O-O
15. Rad1 Qc7 16. Na3 Rad8 17. Nc4 Be7 18. Ncd2 Bd6 19. Nc4 Be7 1/2-1/2

[Event "XIII Torneo Leonardo di Bona Nazionale"]
[Site "Cutro ITA"]
[Date "2007.04.30"]
[Round "8"]
[White "Rizzuti, Pasquale"]
[Black "De Rasis, Giovanni"]
[Result "1-0"]
[WhiteElo "1835"]
[BlackElo "1560"]
[PlyCount "55"]
[EventDate "2007.04.23"]

1. c4 d5 2. e3 Nf6 3. cxd5 e6 4. dxe6 Bxe6 5. Nf3 Bd6 6. Be2 Nbd7 7. d4 c6 8.
Nc3 O-O 9. Bd2 Bf5 10. h3 Re8 11. O-O Nf8 12. Nh4 Be4 13. f3 Bg6 14. Nxg6 Nxg6
15. Qe1 c5 16. Nb5 cxd4 17. Nxd4 Bc5 18. Qf2 Nd5 19. Rfd1 Re5 20. Rac1 Bb6 21.
Kh1 Qe7 22. f4 Ndxf4 23. exf4 Bxd4 24. Qxd4 Rd8 25. Qxd8+ Qxd8 26. fxe5 Qb6 27.
Rc8+ Nf8 28. Bc3 1-0

[Event "XIII Torneo Leonardo di Bona Nazionale"]
[Site "Cutro ITA"]
[Date "2007.04.30"]
[Round "8"]
[White "Rotunno, Giuseppe"]
[Black "Olivo, Gaetano"]
[Result "1-0"]
[WhiteElo "1922"]
[BlackElo "1571"]
[PlyCount "57"]
[EventDate "2007.04.23"]

1. d4 d5 2. Nf3 h6 3. c4 Nf6 4. cxd5 Nxd5 5. e4 Nb6 6. Bb5+ Bd7 7. a4 Bxb5 8.
axb5 Qd7 9. Nc3 f6 10. O-O e6 11. Nh4 Qf7 12. d5 e5 13. Be3 N8d7 14. f4 Bd6 15.
fxe5 Bxe5 16. Qg4 g5 17. Nf3 Qg6 18. Qe6+ Kd8 19. Nxe5 Nxe5 20. Rxf6 Qe8 21.
Bxb6 cxb6 22. Qd6+ Nd7 23. Raf1 Qe7 24. e5 Qxd6 25. Rxd6 Re8 26. e6 Rg8 27. Rf7
Kc8 28. Rdxd7 Rb8 29. Ne4 1-0

[Event "XIII Torneo Leonardo di Bona Nazionale"]
[Site "Cutro ITA"]
[Date "2007.04.30"]
[Round "8"]
[White "Sansosti, Simona"]
[Black "Scerra, Ezio"]
[Result "1-0"]
[WhiteElo "1362"]
[BlackElo "1398"]
[PlyCount "37"]
[EventDate "2007.04.23"]

1. e4 e5 2. Nf3 Nc6 3. Bb5 Nf6 4. Nc3 a6 5. Ba4 b5 6. Bb3 Na5 7. Nxe5 Nxb3 8.
axb3 Bd6 9. Nf3 Bb4 10. Nxb5 Nxe4 11. Qe2 axb5 12. Rxa8 d5 13. Qxb5+ Ke7 14.
Qxb4+ Nd6 15. O-O Re8 16. Qh4+ f6 17. Qxh7 Nf5 18. Nh4 Rh8 19. Ng6+ 1-0

[Event "XIII Torneo Leonardo di Bona Nazionale"]
[Site "Cutro ITA"]
[Date "2007.04.30"]
[Round "8"]
[White "Virelli, Salvatore"]
[Black "Levato, Biagio"]
[Result "1/2-1/2"]
[WhiteElo "1524"]
[BlackElo "1495"]
[PlyCount "58"]
[EventDate "2007.04.23"]

1. d4 Nf6 2. Nf3 g6 3. e3 Bg7 4. Bd3 d6 5. O-O O-O 6. b3 b6 7. c4 Bb7 8. Nbd2
Nbd7 9. Bb2 d5 10. Qc2 Rc8 11. Rfe1 Re8 12. e4 dxe4 13. Nxe4 e6 14. Rab1 Nxe4
15. Bxe4 Bxe4 16. Rxe4 c6 17. Ree1 Qc7 18. Rbc1 Nf6 19. h3 h5 20. Ba3 Bh6 21.
Rcd1 Bf4 22. Bc1 c5 23. dxc5 bxc5 24. Bxf4 Qxf4 25. Qd2 Qc7 26. Qh6 Nh7 27. Ne5
Rcd8 28. Qe3 Rxd1 29. Rxd1 Nf8 1/2-1/2

[Event "XIII Torneo Leonardo di Bona Nazionale"]
[Site "Cutro ITA"]
[Date "2007.05.01"]
[Round "9"]
[White "D'Elia, Mario Domenico"]
[Black "Sansosti, Simona"]
[Result "1-0"]
[WhiteElo "1440"]
[BlackElo "1362"]
[PlyCount "91"]
[EventDate "2007.04.23"]

1. c4 e5 2. Nc3 Nf6 3. a3 d5 4. d4 exd4 5. Qxd4 Be6 6. Bg5 Nc6 7. Qd3 dxc4 8.
Qxd8+ Nxd8 9. e3 Be7 10. Nf3 Nc6 11. Be2 O-O-O 12. O-O h6 13. Bh4 g5 14. Bg3 h5
15. Nxg5 Rdg8 16. Nxe6 fxe6 17. Bxc4 Nd8 18. Be5 a6 19. h3 Rh7 20. Rad1 Nd7 21.
Bf4 h4 22. f3 Bg5 23. Bxg5 Rxg5 24. Ne4 Rg8 25. Rd2 Ne5 26. Bb3 Rh6 27. f4 Ng6
28. Rfd1 Rf8 29. Nf6 Nh8 30. Ng4 Rg6 31. Bc2 Rg7 32. Ne5 Rg3 33. Ng4 Nhf7 34.
e4 Nd6 35. Rf2 Nc4 36. Bb1 Nxb2 37. Rxb2 Rxf4 38. Rbd2 Rf8 39. a4 Nc6 40. Ba2
e5 41. Bd5 Nd4 42. Nxe5 c5 43. Rb2 b6 44. Rxb6 Kc7 45. Rb7+ Kd6 46. Nc4# 1-0

[Event "XIII Torneo Leonardo di Bona Nazionale"]
[Site "Cutro ITA"]
[Date "2007.05.01"]
[Round "9"]
[White "De Rasis, Giovanni"]
[Black "Piccoli, Vincenzo"]
[Result "1-0"]
[WhiteElo "1560"]
[BlackElo "1745"]
[PlyCount "41"]
[EventDate "2007.04.23"]

1. d4 Nf6 2. c4 e6 3. Bg5 h6 4. Bxf6 Qxf6 5. Nf3 Bb4+ 6. Nc3 c5 7. e4 Nc6 8. e5
Qe7 9. d5 exd5 10. Qxd5 O-O 11. O-O-O Bxc3 12. bxc3 Re8 13. Bd3 b6 14. h4 Qe6
15. Qe4 f5 16. Qxf5 Qxf5 17. Bxf5 Nxe5 18. Rhe1 d6 19. Bg6 Re6 20. Nxe5 Kf8 21.
Be4 1-0